Every Country Flag-Shape of the World - No yellow box - Statistics

General Stats
  • This quiz has been taken 212 times
  • The average score is 151 of 196
Answer Stats
Picture Answer % Correct
Australia
97%
Iceland
97%
United Kingdom
97%
New Zealand
94%
China
92%
Norway
92%
Denmark
89%
Ireland
89%
Japan
89%
United States
89%
Canada
86%
Chile
86%
Cuba
86%
Finland
86%
France
86%
Indonesia
86%
Sweden
86%
Vietnam
86%
Austria
83%
Brazil
83%
D.R. Congo
83%
Germany
83%
Greece
83%
Hungary
83%
Laos
83%
Malaysia
83%
Mongolia
83%
North Korea
83%
Philippines
83%
Portugal
83%
Russia
83%
Slovakia
83%
South Africa
83%
South Korea
83%
Spain
83%
Switzerland
83%
Turkey
83%
Ukraine
83%
Uzbekistan
83%
Argentina
81%
Bangladesh
81%
Belgium
81%
Cambodia
81%
Colombia
81%
Czech Republic
81%
Ecuador
81%
Estonia
81%
India
81%
Iran
81%
Israel
81%
Italy
81%
Ivory Coast
81%
Jamaica
81%
Kazakhstan
81%
Kenya
81%
Libya
81%
Mexico
81%
Morocco
81%
Netherlands
81%
Pakistan
81%
Panama
81%
Papua New Guinea
81%
Poland
81%
Qatar
81%
Rep. of the Congo
81%
Singapore
81%
Somalia
81%
Thailand
81%
Algeria
78%
Andorra
78%
Belarus
78%
Bolivia
78%
Bosnia and Herzegovina
78%
Central African Republic
78%
Chad
78%
Croatia
78%
Cyprus
78%
Fiji
78%
Georgia
78%
Latvia
78%
Mali
78%
Malta
78%
Mozambique
78%
North Macedonia
78%
Palau
78%
Paraguay
78%
Peru
78%
Romania
78%
Senegal
78%
Slovenia
78%
Solomon Islands
78%
Sri Lanka
78%
Sudan
78%
Taiwan
78%
Tunisia
78%
Uganda
78%
United Arab Emirates
78%
Uruguay
78%
Venezuela
78%
Zambia
78%
Afghanistan
75%
Albania
75%
Angola
75%
Brunei
75%
Bulgaria
75%
Cameroon
75%
Costa Rica
75%
Dominica
75%
Dominican Republic
75%
Ethiopia
75%
F.S. Micronesia
75%
Ghana
75%
Guinea
75%
Honduras
75%
Iraq
75%
Kosovo
75%
Kyrgyzstan
75%
Liberia
75%
Luxembourg
75%
Madagascar
75%
Marshall Islands
75%
Myanmar
75%
Nauru
75%
Niger
75%
Nigeria
75%
Oman
75%
Saint Lucia
75%
Serbia
75%
Seychelles
75%
Tajikistan
75%
Turkmenistan
75%
Tuvalu
75%
Armenia
72%
Bhutan
72%
Botswana
72%
Egypt
72%
Eritrea
72%
Eswatini
72%
Guyana
72%
Haiti
72%
Jordan
72%
Kiribati
72%
Kuwait
72%
Lebanon
72%
Lesotho
72%
Lithuania
72%
Malawi
72%
Moldova
72%
Montenegro
72%
Namibia
72%
Samoa
72%
San Marino
72%
Saudi Arabia
72%
South Sudan
72%
Syria
72%
Tanzania
72%
Togo
72%
Vanuatu
72%
Vatican City
72%
Yemen
72%
Zimbabwe
72%
Antigua and Barbuda
69%
Azerbaijan
69%
Bahamas
69%
Bahrain
69%
Barbados
69%
Benin
69%
Cape Verde
69%
Comoros
69%
Djibouti
69%
East Timor
69%
El Salvador
69%
Gabon
69%
Gambia
69%
Guatemala
69%
Liechtenstein
69%
Mauritania
69%
Mauritius
69%
Nepal
69%
Rwanda
69%
Saint Kitts and Nevis
69%
Suriname
69%
Tonga
69%
Belize
67%
Burkina Faso
67%
Burundi
67%
Grenada
67%
Guinea-Bissau
67%
Maldives
67%
Saint Vincent and the Grenadines
67%
São Tomé and Príncipe
67%
Sierra Leone
67%
Trinidad and Tobago
67%
Equatorial Guinea
64%
Monaco
64%
Nicaragua
64%
No matching quizzes found
Score Distribution
Percent of People with Each Score
Percentile by Number Answered
Your Score History
You have not taken this quiz